DRAFT NBA 2023 - TOP 10 - Statystyki

Ogólne statystyki
  • Ten quiz został rozwiązany 98 razy
  • Średni wynik to 4 z 10
Statystyki odpowiedzi
Hint Odpowiedź % Poprawnych
No. 1 pick Victor Wembanyama
94%
No. 3 pick Scoot Henderson
71%
No. 2 pick Brandon Miller
69%
No. 4 pick Amen Thompson
67%
No. 5 pick Ausar Thompson
67%
No. 6 pick Anthony Black
21%
No. 7 pick Bilal Coulibaly
16%
No. 10 pick Cason Wallace
11%
No. 8 pick Jarace Walker
8%
No. 9 pick Taylor Hendricks
5%
Nie znaleziono quizów pasujących do podanych kryteriów
Rozkład punktacji
Procent ludzi z każdym wynikiem
Percentyl według liczby udzielonych odpowiedzi
Twoja historia wyników
Nie rozwiązałeś tego quizu